The mysterious book of magic

Bibliographic Details
Main Author: Eldin, Peter
Format: Book
Published: Leicester : Blitz Editions , 1992
Subjects:

MARC

LEADER 00000cam a2200000 7i4500
001 0000008576
002 000009346
005 20000330.0
020 |a 1856050548 
090 0 0 |a 793.8   |b ELD 
100 1 |a Eldin, Peter 
245 1 0 |a The mysterious book of magic   |c Peter Eldin 
260 |a Leicester :   |b Blitz Editions ,   |c 1992 
300 |a 96 p. :   |b ill. ;   |c 20 cm. 
650 0 0 |a Magic tricks 
650 0 0 |a Magicians 
999 |a 041050   |b BUKU   |c PINJAMAN   |e PERPUSTAKAAN KOMUNITI PETALING JAYA